[Event "Yongchuan zt 3.3"]
[Site "Yongchuan"]
[Date "2003.07.22"]
[Round "10"]
[White "Yu, Shaoteng"]
[Black "Zhou, Weiqi"]
[Result "1/2-1/2"]
[WhiteElo "2508"]
[BlackElo "2388"]
[Annotator "Erenburg,S"]
[PlyCount "110"]
[EventDate "2003.07.11"]
[EventType "tourn"]
[EventRounds "11"]
[EventCountry "CHN"]
[EventCategory "12"]
[SourceTitle "CBM 097"]
[Source "ChessBase"]
[SourceDate "2003.11.11"]
[SourceVersion "1"]
[SourceVersionDate "2003.11.11"]
[SourceQuality "1"]

1. e4 d6 2. d4 Nf6 3. Nc3 c6 4. Nf3 g6 5. Be3 Nbd7 6. Qd2 b5 {Black tried some
other possibilities:} (6... Bg7 7. Bh6 O-O (7... Bxh6 8. Qxh6 e5 9. dxe5 Nxe5
10. O-O-O Qe7 11. Qd2 Bg4 12. Be2 O-O-O $11 {1/2-1/2 Galkin,A-Lugovoi,A/
Krasnodar 2002/CBM 91 (18)}) 8. Bxg7 Kxg7 9. Bd3 (9. e5 $5) 9... e5 10. O-O $14
{1/2-1/2 Lutz,C-Kasimdzhanov,R/Batumi 2001/CBM 86/[Gofshtein,L] (54)}) (6... e5
{1/2-1/2 Kaminski,M-Marin,M/Krynica 1998/CBM 67/[Marin,M] (17)}) (6... Qc7 {
0-1 Waitzkin,J-McNab,C/London 1998/CBM 66/[Yudasin,L] (36)}) (6... Qa5 {
1-0 Perdomo,C-Fridman,D/Linares 1997/CBM 58/[Mowsziszian] (35)}) 7. Bd3 ({
Immediate} 7. e5 {can be replied by} b4 $1 (7... Ng4 8. exd6 exd6 9. Bg5 Be7
10. h3 $14) 8. exf6 bxc3 9. Qxc3 Nxf6 10. Qxc6+ Bd7 11. Qa6 Rb8 $44) 7... Nb6 {
taking control over d5 square.} (7... Bg7 {is also possible:} 8. O-O O-O 9. h3
e5 10. dxe5 dxe5 11. a4 b4 12. Ne2 c5 13. c3 $14 {1-0 Akopian,
V-Azmaiparashvili,Z/Bled 2002/EXT 2003 (51)}) 8. h3 {covering the g4 square.
Obviously white prepares the breakthrough e4-e5.} (8. O-O Bg7 9. Bh6 O-O 10. h3
Nfd7 $6 (10... a6 $142) 11. a4 b4 12. Ne2 a5 13. Bxg7 Kxg7 14. c3 $16 {1-0
Chandler,M-Nunn,J/London 1984/MCL (40)}) 8... Bg7 9. Bh6 (9. e5 Nfd5) 9... O-O
10. e5 Nfd5 11. Ne4 $6 $146 {According to my database, this position appeared
for the first time.} ({In the previous game white continued} 11. Nxd5 {, that
seems to me more promising.} Nxd5 12. O-O Bd7 (12... dxe5 13. Nxe5 $16) (12...
f6 13. Bxg7 Kxg7 14. exd6 $14) 13. Rfe1 $16 {1-0 Ramesh,R-Ramakrishna,J/
Commonwealth Ch, Mumbai IND 2003 (44)}) 11... f5 {Logical decision. Black
plays aggressive, trying to open the position, using his development advantage.
} 12. exf6 exf6 {Now white knight on e4 becomes a target.} 13. O-O f5 14. Ng3
f4 {preparing the f5 square for a light-squared bishop.} (14... Bxh6 15. Qxh6
Nb4 {was equalizing easily.}) 15. Bxg7 Kxg7 16. Ne4 Bf5 $11 {Black has
succeeded to solve his opening problems. All his pieces are in the game, he
succeeded to destroy white's center, and now white hasn't any advantage.} 17.
Rfe1 Qd7 18. Neg5 ({Doesn't promise anything speciall as well:} 18. Re2 Rfe8
19. Rae1 Re7 20. Neg5 Rxe2 21. Rxe2 Bxd3 $11) 18... Rae8 19. Bxf5 Qxf5 20. Qd3
$1 Qd7 {The safest option.} (20... Qxd3 21. cxd3 {[%cal Yg5e4,Ya1c1,Gg5e6] and
white's pressure can be dangerous.}) 21. c3 {covering the b4 square.} h6 22.
Ne4 Qf5 23. Nh4 Qh5 24. Nf3 Qf5 25. Nh4 Qe6 26. Nf3 Nf6 $6 {Suddenly black
decides to play for a win! But he is going to lose control over the only open
line "e", therefore his position is going to be worse.} ({Simple} 26... Qf5 $5
{was better.} 27. b3 (27. Nh4 $11) 27... Re6 28. Re2 Rfe8 29. Rae1 $11) 27.
Nxf6 Qxf6 28. Re2 Qf5 $6 {This move allows white to worsen black's pawn
structure, that, in the endgame, can be one of the decisive factors. Better was
} (28... Re6 29. Rxe6 $1 Qxe6 30. b3 Re8 31. Re1 Qf7 32. Rxe8 Qxe8 33. d5 $1 c5
$1 $14 {/=} (33... Nxd5 34. c4)) 29. Qxf5 gxf5 30. Rae1 Rxe2 31. Rxe2 $14 Kf6
$2 {missing something...} (31... Kf7 $142 32. d5 $140 Nxd5 33. Nd4 Ne7) {
[%tqu "En","Please enter the best move for white.","","","d4d5","",10]} 32. d5
$1 {White knight is going to occupy the d4 square, afterware, all the black
pawns become vulnerable.} cxd5 $6 {After this move black faces really serious
problems.} ({Better was} 32... Nxd5 33. Nd4 Nc7 34. Nxc6 a6 $14) 33. Nd4 Nc4 $2
{Another mistake, which allows white to get a decisive advantage.} ({More
resistant was} 33... b4 34. cxb4 Rc8 35. Re6+ Kg5 36. Rxd6 $16) 34. Re6+ Kf7
35. b3 Nd2 36. Rxd6 $18 Re8 ({Doesn't change anything:} 36... Ne4 37. Rxd5 Nxc3
38. Rxf5+ Kg8 39. Rh5 $18) {White parries black's threat of mate with simple}
37. f3 Re1+ 38. Kf2 Ra1 (38... Rb1 39. Rxd5 Rb2 40. Ke1 $18) 39. Re6 $4 {
throwing away all the advantage.} ({Much more attractive option was} 39. Ra6
Rc1 40. Rxa7+ Kf6 41. Ra6+ $18 {[%cal Yd4f5]}) {[%tqu "En","Please enter the
move for black, which equalizes the chances of the sides.","","","d2b1","",10]}
39... Nb1 $1 $11 {Unpleasant surprise for white. Now all his queenside' pawns
are under attack.} (39... Rxa2 $2 40. Re2 $18) 40. Ra6 Nxc3 41. Rxa7+ Kf6 42.
Ra6+ Ke5 43. Nc6+ Kd6 44. Nb4+ (44. Nd4+ Kc5 45. Ne6+ Kb4) (44. a3 Kc5 45. Nb4
{-the game.}) 44... Kc5 45. a3 Rxa3 $2 {Now it's black's turn to make mistake.
For what to lose the material?} ({Why not} 45... Rb1 46. Rxh6 Rxb3 47. Rc6+ Kd4
48. Rc8 (48. h4 Nd1+ 49. Ke2 Ne3 $17) 48... Rb1 (48... Nd1+ 49. Ke2 Ne3 50.
Nc6+) 49. h4 Nd1+ 50. Ke2 Ne3 51. Nc2+ Nxc2 52. Rxc2 Ra1 $15 {/=}) 46. Nd3+ Kd4
47. Rxa3 Kxd3 48. Ra6 Kc2 49. Rxh6 d4 (49... Kxb3 50. h4 Kc2 51. h5 $18) 50.
Rd6 d3 51. Ke1 Nb1 52. Rc6+ $2 (52. h4 $18) 52... Nc3 53. Rd6 Nb1 54. Rc6+ $2 {
Fore some reason white is going for a draw, while, he had a simple win:} (54.
h4 d2+ 55. Kf2 (55. Rxd2+ Nxd2 56. h5 Nc4 57. bxc4 b4 58. h6 b3 59. h7 b2 60.
h8=Q b1=Q+ $11) 55... Nc3 (55... d1=Q 56. Rxd1 Kxd1 57. h5 Nc3 58. h6 Ne4+ 59.
fxe4 fxe4 60. h7 e3+ 61. Kf3 e2 62. h8=Q e1=Q 63. Qa1+ $18) 56. h5 d1=Q 57.
Rxd1 Nxd1+ 58. Kg1 Kxb3 59. h6 b4 60. h7 Kc2 61. h8=Q b3 62. Qc8+ $18) 54...
Nc3 55. Rd6 Nb1 1/2-1/2

[Event "FRA-chT Gp-B"]
[Site "France"]
[Date "2003.02.01"]
[Round "2"]
[White "Sermier, Guillaume"]
[Black "Gallagher, Joseph G"]
[Result "1-0"]
[WhiteElo "2379"]
[BlackElo "2526"]
[Annotator "Erenburg,S"]
[PlyCount "67"]
[EventDate "2003.01.31"]
[EventType "team"]
[EventRounds "7"]
[EventCountry "FRA"]
[SourceTitle "CBM 094"]
[Source "ChessBase"]
[SourceDate "2003.05.26"]
[SourceVersion "1"]
[SourceVersionDate "2003.05.26"]
[SourceQuality "1"]
[WhiteTeam "Besancon"]
[BlackTeam "Cannes"]
[WhiteTeamCountry "FRA"]
[BlackTeamCountry "FRA"]

1. e4 g6 2. d4 Bg7 3. Nc3 d6 4. Be2 Nf6 5. h4 c5 6. dxc5 {White has another
option to fight for the advantage in this position.} (6. d5 $5 {See commented
game Malaniuk,V-Gubanov,A 1-0/St Petersburg 1996/CBM 52/[Stohl] (49)}) 6... Qa5
7. Bd2 Qxc5 8. h5 gxh5 9. Nh3 {Other possibilities are:} (9. Bxh5 Nc6 10. Be2
d5 11. exd5 Nxd5 12. Nxd5 Qxd5 13. Rh5 Bf5 (13... Qxg2 14. Rg5) 14. c3 Rd8 15.
g4 Qg2 16. gxf5 Qxg1+ 17. Bf1 Rd5 $2 (17... Ne5 $142 $5) 18. Qf3 $1 $18 Re5+
19. Be3 e6 20. f6 Bxf6 21. Qxf6 Rxe3+ 22. fxe3 Qxe3+ 23. Kd1 Rg8 24. Rxh7 Ne5
25. Bb5+ {1-0 Shirazi,K-Korsunsky,Y/New York 1993/EXT 99 (25)}) (9. Be3 Qa5 10.
f3 Nc6 11. Bb5 (11. Kf1 Be6 12. Nh3 Ne5 13. Nf4 Rc8 14. Qd4 $6 Nc4 15. Bxc4 $2
(15. Qxa7 $5) 15... Bxc4+ 16. Kg1 e5 $19 {1/2-1/2 Garcia Fernandez,C-Peralta,F/
Madrid 2002/CBM 90 ext (40)}) 11... a6 12. Ba4 Bd7 13. Nge2 Rc8 14. Rf1 Ne5 15.
Bxd7+ Nexd7 16. Ng3 Rg8 17. Nf5 $13 {1/2-1/2 Garcia Fernandez,C-Soloviov,S/
Cullera 2001/EXT 2002 (47)}) 9... Bg4 $5 {In the preceding games black played}
(9... Nc6 10. Nf4 Ng4 (10... Bg4 11. f3 Be6 12. Qc1 Nd4 13. Bd3 Bc4 14. Bxc4
Qxc4 15. Be3 Rc8 16. Qd2 Ne6 17. Nxe6 fxe6 18. g3 Nd7 19. Rxh5 Bxc3 {1/2-1/2
Rodriguez,A-Tkachiev,V/Villa Martelli 1997/CBM 60 (19)}) 11. Nd3 Qd4 12. Nd5
Nce5 13. O-O (13. Be3 Nxe3 14. fxe3 Qxe4 15. Nc7+ Kd8 16. Nxa8 Qxg2 17. Rf1 Nc4
$40) 13... Kf8 14. N5f4 $6 (14. Bg5 $5) 14... Nf6 15. Bxh5 Nxh5 16. Qxh5 Qxe4
$17 {1/2-1/2 Malaniuk,V-Azmaiparashvili,Z/Kiev 1986/URS-ch (30)}) 10. Nf4 Nbd7
$146 (10... Na6 11. f3 {1/2-1/2 Hamberger,H-Sulyok,M/Oberwart 2000/EXT 2001 
(11)}) 11. Nxh5 ({Deserved attention} 11. f3 Be6 12. Nxe6 fxe6 13. Qc1 $14 {
[%cal Gd2e3]}) 11... Bxh5 12. Bxh5 Ne5 {Black is going to activize his pieces,
centralyzing his knights in order to compensate the white's advantage of pair
of bishops and better pawn structure.} ({Comes to consideration:} 12... Nxh5
13. Rxh5 Qc6 14. Qf3 Rc8 $13) 13. Be2 Rc8 (13... Nc4 14. Bxc4 Qxc4 15. Qf3 $14)
14. f4 Nc6 {[%cal Yc6d4]} 15. Bd3 h5 {[%cal Yf6g4]} 16. Qf3 {[%cal Ye1c1]
White has to complete the development as quick as possible.} Nd4 ({Black had
another interesting option:} 16... Ng4 $5 17. O-O-O (17. Na4 Qd4 18. Rxh5 Qg1+
19. Bf1 Nh2 20. Rxh8+ Bxh8 21. Qf2 Qxf1+ 22. Qxf1 Nxf1 23. Kxf1 b5 24. Nc3 Nd4
$11) 17... Nf2 18. Be3 Nxd3+ 19. Rxd3 $13) 17. Qg3 Ng4 18. O-O-O b5 19. e5 $2 (
{Obviously better was a profilactic move} 19. Kb1 {, parrying the black's
threats, which are linked with the breakthrough b5-b4.} e6 {covering the
d5-square and the diagonal h3-c8, thus preventing white's Rxh5.} 20. Rc1 $14)
19... Kf8 $2 {[%csl Gg7][%cal Gg4f2,Yf8g7][%mdl 8192] Serious tactical mistake.
This move is too slow for such a sharp position. Probably black overlooked
next white's move and 22-nd one. While immediate} (19... b4 $1 {should promise
the advantage for black.} 20. Rxh5 (20. Ne4 Ne2+ $19) 20... Nf2 $3 {[%mdl 64]
Maybe this move black missed in his calculations on the 19-th move.} (20...
Rxh5 21. Qxg4 bxc3 22. Bxc3 Ne6 23. Qxh5 Nxf4 24. Qg4 Nxd3+ 25. Rxd3 Bxe5 $11)
21. Rxh8+ (21. Be3 Nxd3+ 22. Rxd3 Ne2+ 23. Kd1 Nxg3 24. Rxh8+ Bxh8 $19) (21.
Qxg7 Nxd3+ 22. Kb1 Rxh5 23. Qg8+ Kd7 24. Qg4+ f5 $19) (21. Be1 Nxd3+ $19) (21.
Qxf2 Nb3+ $19) 21... Bxh8 22. Be1 (22. Be3 Nxd3+ 23. Rxd3 Ne2+ $19) (22. Bb5+
Nxb5 23. Be3 Nxc3 $19) 22... Nxd1 23. Qg8+ Kd7 24. Qg4+ Ne6 $17) (19... Nf2 $4
20. Qxg7 $18) (19... dxe5 $2 20. Rxh5 Nf2 21. Rxh8+ Bxh8 22. Bxb5+ Kf8 (22...
Nxb5 23. Be3) 23. Rf1 Nxb5 (23... Ne4 24. Qh3) 24. Qxf2 exf4 25. Qxc5 (25. Qxf4
Bf6 $14) 25... Rxc5 26. Ne2 $14) 20. Rxh5 $1 {[%mdl 576] This key move should
have been seen before black's playing 19...Kf8.} Rxh5 21. Qxg4 Rh8 (21... Rh2
$142 $1 22. Ne4 ({Deserves attention:} 22. exd6 exd6 23. Be3 $14 Nb3+ $140 24.
Kb1 $1) 22... Qc6 23. exd6 exd6 24. Nxd6 Rd8 25. Nf5 Nxf5 26. Qxf5 Kg8 $14 (
26... Qxg2 27. Be4 $1 {[%cal Gd2b4]})) 22. Ne4 $1 Qc6 23. exd6 $1 f5 $2 {
missing the last chance.} (23... Nxc2 24. Kb1 $18 {[%cal Gd1c1]}) ({The least
of the evils that could be recommended in this situation is:} 23... exd6 24.
Nxd6 Rd8 25. Nf5 Nxf5 26. Qxf5 $16) 24. Qg6 $18 {White is going to win the
game thanks to the vulnerable position of black monarch.} fxe4 25. dxe7+ Kg8 (
25... Kxe7 26. Qxg7+ $18) 26. Bxe4 Qd7 (26... Qxg6 27. Bxg6 Rh2 28. e8=Q+ Rxe8
29. Bxe8 Rxg2 30. c3 $18 {The rest is a matter of an easy technique.}) (26...
Rh6 27. Bxc6 Rxg6 28. e8=Q+ $18) 27. Bd5+ $1 (27. Re1 {strong enough as well.})
27... Qxd5 28. e8=Q+ Rxe8 29. Qxe8+ Bf8 30. Qg6+ Bg7 31. Qe8+ ({Of course not} 
31. Bc3 Ne2+) 31... Bf8 32. Bc3 $1 {After it white captures the black knight
and thanks to material advantage he wins easily.} Rh6 (32... Qe6 {doesn't
change anything:} 33. Qxe6+ Nxe6 34. Bxh8 Kxh8 35. g3 $18) 33. Bxd4 Re6 34.
Qxf8+ $1 {The final accord.} (34. Qxf8+ Kxf8 35. Bg7+ $18 {with absolutely
winning endgame.}) 1-0

[Event "EU-ch 5th"]
[Site "Antalya"]
[Date "2004.05.21"]
[Round "6"]
[White "Asrian, Karen"]
[Black "Guseinov, Gadir"]
[Result "1/2-1/2"]
[WhiteElo "2605"]
[BlackElo "2548"]
[Annotator "Erenburg,S"]
[PlyCount "67"]
[EventDate "2004.05.15"]
[EventType "swiss"]
[EventRounds "13"]
[EventCountry "TUR"]
[SourceTitle "CBM 101"]
[Source "ChessBase"]
[SourceDate "2004.07.27"]
[SourceVersion "1"]
[SourceVersionDate "2004.07.27"]
[SourceQuality "1"]

1. d4 Nf6 2. Nf3 g6 3. c3 Bg7 4. Bg5 O-O 5. Nbd2 d6 6. e4 Nbd7 {Black has the
following alternatives:} (6... h6 {0-1 Malakhatko,V-Gallagher,J/Leon 2001/CBM
86/[Hazai] (48)}) (6... c5 $5 {0-1 Jussupow,A-Kasparov,G/Riga 1995/CBM 47/
[Stohl] (37)}) (6... Qe8 $5 {0-1 Slobodjan,R-Gutman,L/Altenkirchen 1999/CBM 74/
[Gutman] (44)}) 7. Bd3 {It isn't so easy task to define the position of
light-squared bishop. Other options are:} (7. Be2 {1-0 Sokolov,I-Ni Hua/
Shanghai 2001/CBM 85/[Hazai] (44)}) (7. Bc4 {1-0 Vasilescu,L-Badea,B/Bucharest
1999/CBM 70/[Hazai] (29)}) 7... e5 8. O-O Qe8 {It is typical for such type of
positions to play Qe8, moving the queen from unpleasant pin along the h4-d8
diagonal. Also, white's typical idea here is to take on e5, thus, to leave
black with passive light-squared bishop. Therefore, black is ready to take on
e5 with the queen, that his fianchetted bishop will not become passive.} (8...
h6 9. Bh4 Qe7 10. Re1 Nb6 11. Nf1 Re8 12. Ne3 Qf8 13. Qc2 Bd7 14. a4 a5 15. Nc4
Nxc4 16. Bxc4 Bc6 17. dxe5 dxe5 18. Rad1 Qe7 19. Bd5 $14 {1-0 Kamsky,G-Cvitan,
O/Palma de Mallorca 1989/TD (65)}) 9. Re1 h6 10. Bh4 Nh5 {preparing an
occupation of f4 square by the knight.} (10... b6 11. Nc4 Bb7 12. dxe5 Nxe5 13.
Nfxe5 dxe5 14. b4 Nh5 15. a4 Nf4 16. Bf1 Qe6 17. f3 Bf6 18. Bf2 h5 19. Qc2 h4
$13 {1/2-1/2 Berg,K-Van Wely,L/Gausdal 1992/TD (72)}) 11. Nc4 {transfering the
knight to central square e3.} (11. a4 Nf4 12. Bf1 f5 13. exf5 gxf5 14. dxe5
dxe5 15. Bg3 Ng6 16. Nxe5 Ndxe5 17. Bxe5 Bxe5 18. Nc4 $16 {1-0 Jussupow,
A-Kindermann,S/Germany 1997/GER-chT (35)}) 11... Nb6 12. Ne3 ({White doesn't
achieve anything special after} 12. dxe5 Nxc4 13. Bxc4 dxe5 14. Nd2 Bf6 15.
Bxf6 Nxf6 16. Qc2 Qe7 $11 {0-1 Yakovich,Y-Akopian,V/Berlin 1996/CBM 54 ext (53)
}) 12... Nf4 13. Bc2 {White prefered to locate his light-squared bishop on c2,
that it will protect the central e4 pawn. Also there was an option to move it
to f1:} (13. Bf1 Be6 14. dxe5 dxe5 15. a4 a5 $11 {1/2-1/2 Rodriguez Vargas,
O-Tal,M/Barcelona 1992/CBM 30 (21)}) 13... Be6 14. h3 $146 {This position
appeared for the first time. In the preceding games white continued} (14. d5
Bc8 15. b4 a5 16. a3 Bd7 17. c4 axb4 18. axb4 Rxa1 19. Qxa1 Qa8 20. c5 $36 {
1/2-1/2 Giessmann,S-Stickler,R/Bayern 2001/EXT 2003 (38)}) 14... c6 15. Bg3 {
keeping in mind the option of capture on f4.} Qd7 16. Qd2 Rad8 17. Rad1 Rfe8 {
Both opponents centralized their heavy.} 18. b3 {White has some space
advantage, therefore, he prepares an advance of the pawns in the centre.} Qc8 (
18... Qc7 $5 {comes to consideration.}) 19. Bxf4 ({Deserved attention} 19. c4
$5) 19... exf4 20. Nf1 g5 21. Qd3 {preparing to create some threats along the
b1-h7 diagonal.} Kf8 {Prophylactic move.} (21... c5 22. d5 Bd7 23. N1d2 $14)
22. N1h2 ({Worth consideration} 22. N1d2 $5) 22... c5 {Black hasn't any plan
of improvement his position, so he decides to change the character of the game,
opening up the position. Actually, he plays according to the rule, which says,
that the side, who has a pair of bishops is willing to open up the game.} 23.
d5 c4 $5 {That was the idea behind the black's 22-nd move. Black sacrifices
the pawn, but worsens white's pawn structure.} (23... Bd7 24. Nd2 $14) 24. bxc4
Bd7 25. Bb3 $5 {provoking black's a7-a5.} (25. Nd2 $5) 25... a5 $2 {[%mdl
16384] Strategical mistake, which weakens black's queenside very much.} 26. Nd2
{Now white is going to put pressure through the "b" file, after black's
inaccurate 25...a5} Be5 $6 {I don't understand the idea of this move. The
bishop will find himself attacked by the white's knight from f3. I would
prefer one of the following continuations:} (26... Re7) (26... Qc7) 27. Rb1 Qc7
28. Nhf3 Bf6 29. a3 {liberating the a2 square for the bishop, thus, allowing
the rooks to press black's b7 pawn.} Rc8 30. Nd4 $16 {White is a pawn up, and
his pieces are located even better. Thanks to the pressure along the "b" file
his advantage is obvious.} Qc5 31. Ba2 Rc7 $2 (31... Re7 $142 $16) 32. Nb5 $1
Bxb5 (32... Rcc8 {[%tqu "En","Please find the strongest move for white.","","",
"e4e5","",10]} 33. e5 $1 Rxe5 34. Rxe5 dxe5 35. Ne4 Qe7 36. Nbd6 $18) 33. Rxb5
Qxa3 34. Rxb6 $18 {It's not so clear why do the opponents agreed here for a
draw... White has a clear advantage, which is near to decisive... Maybe Asrian
was in deep time trouble...} (34. Rxb6 Qxa2 35. Rxd6 Bg7 36. Rb6 $18) 1/2-1/2

[Event "Olympiad-36"]
[Site "Mallorca"]
[Date "2004.10.16"]
[Round "2"]
[White "Manik, Mikulas"]
[Black "Cekro, Ekrem"]
[Result "1-0"]
[WhiteElo "2510"]
[BlackElo "2433"]
[Annotator "Erenburg,S"]
[PlyCount "53"]
[EventDate "2004.10.15"]
[EventType "team-swiss"]
[EventRounds "14"]
[EventCountry "ESP"]
[SourceTitle "CBM 104"]
[Source "ChessBase"]
[SourceDate "2005.01.27"]
[SourceVersion "1"]
[SourceVersionDate "2005.01.27"]
[SourceQuality "1"]
[WhiteTeam "Slovakia"]
[BlackTeam "Belgium"]
[WhiteTeamCountry "SVK"]
[BlackTeamCountry "BEL"]

1. e4 d6 2. d4 Nf6 3. Nc3 g6 4. g3 Bg7 5. Bg2 O-O 6. Nge2 e5 7. h3 {covering
the g4 square, that allows white to develop the dark-squared bishop to e3.} (7.
O-O {1-0 Gagunashvili,M-Socko,B/Plovdiv 2003/CBM 98/[Erenburg] (58)}) 7... Nc6
{attacking white's centre. Other possibilities are:} (7... Nbd7 {1-0 Bruzon
Bautista,L-Stellwagen,D/Wijk aan Zee 2004/CBM 99/[Erenburg] (43) Erenburg}) (
7... exd4 {0-1 Tischbierek,R-Golubev,M/Germany 2003/CBM 94/[Erenburg] (41)}) (
7... c6 {1/2-1/2 Alekseev,E-Ivanchuk,V/Skanderborg 2003/CBM 98/[Erenburg] (36)}
) 8. Be3 exd4 (8... Bd7 {1-0 Pavasovic,D-Volokitin,A/Ljubljana 2002/CBM 88/
[Gofshtein,L] (46)}) 9. Nxd4 Ne5 $6 {Black intends to occupy the c4 square,
but white can easily prevent it with b2-b3. This continuation is rare in
comparison to the following ones:} (9... Bd7 {1/2-1/2 Jakovenko,D-Lugovoi,A/
Ekaterinburg 2002/CBM 90/[Avrukh,B] (36)}) (9... Re8 {1/2-1/2 Azmaiparashvili,
Z-Radjabov,T/Dos Hermanas 2001/CBM 83/[Finkel,A] (51)}) (9... Nd7 $5 {1-0
Finkel,A-Kuzmin,G/Budapest 1999/EXT 2000/[Finkel,A] (41)}) (9... Nxd4 10. Bxd4
c5 (10... Bd7 11. O-O Bc6 12. Qd3 a5 13. Rad1 Re8 14. Rfe1 Nd7 15. f4 $14 {
Vogt,L-Brandenburg,H/BL9596 1996}) 11. Be3 Qe7 12. O-O Rd8 13. Qd3 Bd7 14. Rad1
$14 {Diekers,M-Reich,T/Pyramiden Franken Cup 1998}) 10. b3 {covering the c4
square. Other possibilities are:} (10. Qe2 c5 11. Nb3 Be6 12. O-O-O Qb6 13. f4
Nc4 14. Bf2 Qb4 $132 {[%cal Gf6h5,Gc4b2] Roeder,G-Mueller,W/Bad Woerishofen op
1993}) (10. O-O {1-0 Tseshkovsky,V-Dreev,A/Moscow 1985/MCL/[Dolmatov] (41)})
10... a6 11. O-O Re8 12. Re1 $146 {Step by step white improves his position.
In the near future he will carry out f2-f4, that will emphasize the defect of
black's 9-th move. In the preceding games white continued} (12. Nde2 Nc6 13.
Qd2 Qe7 14. Rae1 Be6 15. g4 h5 16. g5 Nh7 17. Nd5 Qd7 18. Kh2 Rf8 19. f4 $14 {
1-0 Jens,J-Stehno,P/Bruges 1999/EXT 2000 (40)}) (12. a4 Ned7 13. Qd2 Nc5 14.
Rae1 Bd7 15. Bg5 Qc8 16. Kh2 Be6 17. f4 Nh5 18. f5 Bd7 19. f6 $16 {0-1 De Mie,
M-Daemering,K/Germany 2001/CBM 82 ext (37)}) 12... Bd7 13. f4 Nc6 14. Qd2 $14 {
White has got a slight edge thanks to space advantage. Now he will increase it,
limitting the possibilities of evils' forces.} Nxd4 {The side, who suffers
from lack of space, usually trades pieces.} (14... Qc8 15. Kh2 $14) 15. Bxd4 c5
$6 {Black's position is very passive, due to lack of space. This move is
attempt to activate his figures. On the other hand, it seriously weakens the
d6 pawn.} ({Better is} 15... Bc6 16. Rad1 Qd7 $14) 16. Bf2 Bc6 17. Rad1 Qa5 {
trying to create counterplay.} 18. Re3 $1 {[%cal Ye3d3] Very strong maneouvre.
White consolidates all his heavy pieces. Now it is really difficult for black
to neutralize white's activity.} Rad8 19. Rd3 Rd7 20. g4 {increasing space
advatnage on the kingside.} Qb4 $4 {loses immediately. More resistant was one
of the following continuations:} (20... Red8 21. a4 $16) (20... c4 21. Rd4 $16
{Of course, in both variations the position favours white, but black is still
in the game.}) {[%tqu "En","Please enter the best move for white.","","",
"e4e5","",10]} 21. e5 $1 dxe5 22. Rxd7 Bxd7 (22... Nxd7 23. Bxc6 $18) {[%tqu
"En","Please find the way to win material for white.","","","g4g5","",10]} 23.
g5 $18 {Now white wins black's light pieces, so the rest is an easy job for
white.} Bg4 (23... Bc6 24. gxf6 Bxf6 25. Nd5 $18) 24. hxg4 Nxg4 25. Qd7 Rf8 26.
Nd5 Qa3 27. Qxg4 1-0